000 00997cam a22003014a 4500
003 EG-GICUC
005 20260121101734.0
008 020330s2003 enk frb 001 0 eng d
020 _a0582437733
_qalk. paper
020 _a9780582437739
_qalk. paper
040 _aDLC
_cDLC
_dGUL
_dC#P
_dUKM
_dNLGGC
_dBAKER
_dYDXCP
_dDLC
_dEG-GICUC
_beng
_erda
050 0 0 _aK3240
_b.R44 2003
082 0 0 _a341.48
_221
092 0 4 _221
099 _aLaw 11 2003
100 1 _aRehman, Javaid.
245 1 0 _aInternational human rights law :
_ba practical approach /
_cJavaid Rehman.
264 _aHarlow, England ;
_aNew York :
_bLongman,
_c2003.
300 _axlii, 494 pages ;
_c24 cm.
336 _atext
_btxt
_2rdacontent
337 _aComputer
_bn
_2rdamedia
338 _aOnline Resource
_bnc
_2rdacarrier
504 _aIncludes bibliographical references and index.
650 0 _aHuman rights.
856 4 0 _uhttps://fll.law.cu.edu.eg/fulltext/bks/ENGB11-00071.pdf
905 _a10
942 _2ddc
_cBK
_e21
_n0
999 _c57416
_d57416